Numerical Development - From cognitive functions to neural underpinnings (Record no. 16577)

MARC details
000 -LEADER
fixed length control field 00666nam a2200133Ia 4500
008 - FIXED-LENGTH DATA ELEMENTS--GENERAL INFORMATION
fixed length control field 220615s9999||||xx |||||||||||||| ||und||
022 ## - INTERNATIONAL STANDARD SERIAL NUMBER
International Standard Serial Number 16648714
100 ## - MAIN ENTRY--PERSONAL NAME
Personal name Karin Kucian||Korbinian Moeller||Elise Klein||Klaus F. Willmes
245 #0 - TITLE STATEMENT
Title Numerical Development - From cognitive functions to neural underpinnings
546 ## - LANGUAGE NOTE
Language note English[eng]
650 ## - SUBJECT ADDED ENTRY--TOPICAL TERM
Topical term or geographic name entry element developmental dyscalculia||mathematics learning disability||approximate number system||language development||spatial-numerical association||numerical development
856 ## - ELECTRONIC LOCATION AND ACCESS
Uniform Resource Identifier <a href="http://journal.frontiersin.org/researchtopic/1207/numerical-development---from-cognitive-functions-to-neural-underpinnings">http://journal.frontiersin.org/researchtopic/1207/numerical-development---from-cognitive-functions-to-neural-underpinnings</a>
942 ## - ADDED ENTRY ELEMENTS (KOHA)
Koha item type E-Books
Holdings
Withdrawn status Lost status Damaged status Not for loan Home library Current library Date acquired Total Checkouts Date last seen Price effective from Koha item type
        Kerala University of Digital Sciences, Innovation and Technology Knowledge Centre Kerala University of Digital Sciences, Innovation and Technology Knowledge Centre 15/06/2022   15/06/2022 15/06/2022 E-Books